<?xml version="1.0" encoding="UTF-8"?>
<collection xmlns="http://www.loc.gov/MARC21/slim">
 <record>
  <leader>     na                 </leader>
  <controlfield tag="001">INLIS000000000694675</controlfield>
  <controlfield tag="005">20221229084642</controlfield>
  <datafield tag="035" ind1=" " ind2=" ">
   <subfield code="a">0010-1222000072</subfield>
  </datafield>
  <controlfield tag="006">a    g      000 j</controlfield>
  <controlfield tag="007">ta</controlfield>
  <controlfield tag="008">221229                           0      </controlfield>
  <datafield tag="040" ind1=" " ind2=" ">
   <subfield code="a">JIPUBAY</subfield>
   <subfield code="b">ind</subfield>
   <subfield code="e">rda</subfield>
  </datafield>
  <datafield tag="100" ind1="0" ind2=" ">
   <subfield code="a">Akmal Nasery Basral</subfield>
   <subfield code="e">Pengarang</subfield>
   <subfield code="e">Akmal Nasery Basral</subfield>
   <subfield code="e">Pengarang</subfield>
  </datafield>
  <datafield tag="245" ind1="1" ind2=" ">
   <subfield code="a">Putik safron di sayap Izrail dan kisah-kisah lain /</subfield>
   <subfield code="c">Akmal Nasery Basral</subfield>
  </datafield>
  <datafield tag="250" ind1=" " ind2=" ">
   <subfield code="a">Cetakan I, November 2020</subfield>
  </datafield>
  <datafield tag="300" ind1=" " ind2=" ">
   <subfield code="a">iv, 266 halaman ;</subfield>
   <subfield code="c">20 cm</subfield>
  </datafield>
  <datafield tag="020" ind1=" " ind2=" ">
   <subfield code="a">978-623-279-091-9</subfield>
  </datafield>
  <datafield tag="082" ind1=" " ind2=" ">
   <subfield code="a">899.221 301</subfield>
  </datafield>
  <datafield tag="084" ind1=" " ind2=" ">
   <subfield code="a">899.221 301 AKM p</subfield>
  </datafield>
  <datafield tag="264" ind1=" " ind2=" ">
   <subfield code="a">Jakarta :</subfield>
   <subfield code="b">Republika Penerbit,</subfield>
   <subfield code="c">2020</subfield>
  </datafield>
  <datafield tag="336" ind1=" " ind2=" ">
   <subfield code="2">rdacontent</subfield>
   <subfield code="a">teks</subfield>
  </datafield>
  <datafield tag="337" ind1=" " ind2=" ">
   <subfield code="2">rdamedia</subfield>
   <subfield code="a">tanpa perantara</subfield>
  </datafield>
  <datafield tag="338" ind1=" " ind2=" ">
   <subfield code="2">rdacarrier</subfield>
   <subfield code="a">volume</subfield>
  </datafield>
  <datafield tag="520" ind1=" " ind2=" ">
   <subfield code="a">Putik Safron di Sayap Izrail yang terdiri dari 10 cerpen ini menunjukkan keragaman tema yang menggoda. Dari kisah seorang anak yang lahir di Minangkabau dan mendapat nama aneh dari orangtuanya, sampai kisah warga Korea Selatan yang berpihak pada rakyat Indonesia pada era pergerakan. Dari tragedi kehidupan seorang penyiar televisi yang juga seorang balerina, hingga kisah merbot tua yang tak kenal lelah di era pandemi yang menggila. Akmal Nasery Basral menyajikan pelbagai sketsa kehidupan mutakhir di era post-truth yang riuh, membanjirnya kabar palsu (hoax) akibat hegemoni media sosial, bencana alam bertubi- tubi, adiksi pada kesenangan badani dan ambisi duniawi, kondisi politik yang merusak kehangatan hubungan dalam keluarga, dan pemahaman agama yang terlepas dari konteks sosial di tengah wabah.</subfield>
  </datafield>
  <datafield tag="650" ind1=" " ind2="4">
   <subfield code="a">Cerita pendek Indonesia--</subfield>
   <subfield code="x">Kumpulan</subfield>
  </datafield>
  <datafield tag="650" ind1=" " ind2="4">
   <subfield code="a">Kisah inspiratif</subfield>
  </datafield>
  <datafield tag="700" ind1="0" ind2=" ">
   <subfield code="a">Triana Rahmawati</subfield>
   <subfield code="e">Pengarang</subfield>
  </datafield>
  <datafield tag="850" ind1=" " ind2=" ">
   <subfield code="a">JIPUBAY</subfield>
  </datafield>
  <datafield tag="990" ind1=" " ind2=" ">
   <subfield code="a">202200103067275</subfield>
  </datafield>
  <datafield tag="990" ind1=" " ind2=" ">
   <subfield code="a">202200103067274</subfield>
  </datafield>
  <datafield tag="990" ind1=" " ind2=" ">
   <subfield code="a">202200103067273</subfield>
  </datafield>
  <datafield tag="990" ind1=" " ind2=" ">
   <subfield code="a">202200103067272</subfield>
  </datafield>
 </record>
</collection>
